00593nam a2200181Ia 4500003000500000008004100005020001800046040001900064082000700083100001400090245003900104260010600143300000800249546001200257942001200269999001700281952011300298STCL181203s9999 xx 000 0 und d a9788123018270 aSTCLbENcSTCL 222 aRay, P.C. 0aIndia: Before and After the Mutiny bPublications Division, Ministry of Information and Broadcasting, Government of IndiaaNew Delhic2012 a114 aEnglish 2ddccBK c84752d84752 00102ddc4070aSTCALbSTCALcGENd2018-12-03l0o954.035 RAY-Ip93261r2018-12-03 00:00:00w2018-12-03yBK